Road to reading : (Record no. 200468070)

MARC details
000 -LEADER
fixed length control field 00983cam a2200289ui 4500
001 - CONTROL NUMBER
control field 200468070
003 - CONTROL NUMBER IDENTIFIER
control field TR-AnTOB
005 - DATE AND TIME OF LATEST TRANSACTION
control field 20260413115957.0
007 - PHYSICAL DESCRIPTION FIXED FIELD--GENERAL INFORMATION
fixed length control field ta
008 - FIXED-LENGTH DATA ELEMENTS--GENERAL INFORMATION
fixed length control field 260413s1979 wau g 000 0 eng d
040 ## - CATALOGING SOURCE
Original cataloging agency TVK
Language of cataloging eng
Description conventions rda
Transcribing agency TVK
Modifying agency TR-AnTOB
041 0# - LANGUAGE CODE
Language code of text/sound track or separate title İngilizce
050 00 - LIBRARY OF CONGRESS CALL NUMBER
Classification number PS371
Item number .R63 1979
090 ## - LOCALLY ASSIGNED LC-TYPE CALL NUMBER (OCLC); LOCAL CALL NUMBER (RLIN)
Classification number (OCLC) (R) ; Classification number, CALL (RLIN) (NR) PS371
Local cutter number (OCLC) ; Book number/undivided call number, CALL (RLIN) .R63 1979TıpFaK
245 10 - TITLE STATEMENT
Title Road to reading :
Remainder of title American short stories for reading pleasure /
Statement of responsibility, etc. compiled by: Anna Maria Malkoç.
246 23 - VARYING FORM OF TITLE
Title proper/short title American short stories for reading pleasure.
264 #1 - PRODUCTION, PUBLICATION, DISTRIBUTION, MANUFACTURE, AND COPYRIGHT NOTICE
Place of production, publication, distribution, manufacture Washington :
Name of producer, publisher, distributor, manufacturer English Teaching Division Educational and Cultural Affairs United States Informational Agency,
Date of production, publication, distribution, manufacture, or copyright notice 1979.
300 ## - PHYSICAL DESCRIPTION
Extent iii, 183 pages ;
Dimensions 24cm.
336 ## - CONTENT TYPE
Content type term text
Content type code txt
Source rdacontent
337 ## - MEDIA TYPE
Media type term unmediated
Media type code n
Source rdamedia
338 ## - CARRIER TYPE
Carrier type term volume
Carrier type code nc
Source rdacarrier
504 ## - BIBLIOGRAPHY, ETC. NOTE
Bibliography, etc. note Includes bibliographical references and index.
650 #0 - SUBJECT ADDED ENTRY--TOPICAL TERM
Topical term or geographic name entry element Short stories, American.
9 (RLIN) 46151
700 1# - ADDED ENTRY--PERSONAL NAME
Personal name Malkoç, Anna Maria
Relator term compiled
9 (RLIN) 153590
942 ## - ADDED ENTRY ELEMENTS (KOHA)
Source of classification or shelving scheme Library of Congress Classification
Koha item type Book
Holdings
Withdrawn status Lost status Source of classification or shelving scheme Damaged status Not for loan Collection code Home library Current library Shelving location Date acquired Source of acquisition Inventory number Total Checkouts Full call number Barcode Date last seen Date shelved Koha item type Public note
    Library of Congress Classification Kullanılmış / Used Ödünç Verilemez-Kurumiçi kullanım / Not for loan-For inhouse use Genel Koleksiyon Tıp Fakültesi Medikal Kütüphane Tıp Fakültesi Medikal Kütüphane Genel Koleksiyon / Main Collection 13/04/2026 Bağış / Donation İDE   PS371 .R63 1979 TıpFaK TF03069 13/04/2026 13/04/2026 Book Donated by Prof. Dr. Şükrü Cin.
Devinim Yazılım Eğitim Danışmanlık tarafından Koha'nın orjinal sürümü uyarlanarak geliştirilip kurulmuştur.